Normal view
MARC view
- ادارة راس المال-الادارة المالية-الارباح-الشركات المساهمة-الاردن.
Entry Topical Term
001 - CONTROL NUMBER
- control field: 64845
003 - CONTROL NUMBER IDENTIFIER
- control field: JO-AjAnu
005 - DATE AND TIME OF LATEST TRANSACTION
- control field: 20231210130325.0
008 - FIXED-LENGTH DATA ELEMENTS
- fixed length control field: 231210|| aca||babn | a|a d
040 ## - CATALOGING SOURCE
- Original cataloging agency: JO-AjAnu
150 ## - HEADING--TOPICAL TERM
- Linkage: ادارة راس المال-الادارة المالية-الارباح-الشركات المساهمة-الاردن.
- Topical term or geographic name entry element: ادارة راس المال-الادارة المالية-الارباح-الشركات المساهمة-الاردن.